State Name Split-Up #1 - Statistics

General Stats
  • This quiz has been taken 14 times
  • The average score is 13 of 16
Answer Stats
Hint Answer % Correct
State #1 Antonym of pro Con
100%
State #2 Shortening for the word mother Ma
100%
State #1 A religiously bad deed Sin
100%
State #4 Time telling device for your wrist Watch
100%
State #1 US STATE COMBINATION Wisconsin
100%
State #2 US STATE COMBINATION Alabama
93%
State #1 What you use to stir batter Whisk
93%
State #2 God in Arabic Allah
86%
State #2 Onomatopoeia for a strike Bam
86%
State #4 Element with the symbol Sn Tin
86%
State #4 US STATE COMBINATION Washington
86%
State #3 US STATE COMBINATION New Mexico
71%
State #4 Another name for the Tibia Shin
71%
State #3 Another name for wildebeest Gnu
64%
State #3 A combination, an amalgamation Mix
64%
State #3 A mentally insane person Psycho
29%
No matching quizzes found
Score Distribution
Percent of People with Each Score
Percentile by Number Answered
Your Score History
You have not taken this quiz